000 00711nam a2200217Ii 4500
003 JO-AjNU
008 230606s9999||||xx |||||||||||||| ||und||
020 _a0-13-213638-4
040 _aJO-AjNU
_beng
_erda
_cJO-AjNU
041 _aeng
050 1 4 _aHF5635 .H67 1996
100 3 _aHorngren,Charles T / Sundem,Gry L / Stratton,William O,
_eauthor
_93359
245 0 0 _aIntroduction to Management Accounting
250 _a9th ed
264 3 1 _aUnited States of america: Prentice Hall Internatinal,1996
300 _a837p
_bIncludes glossary and indexes(p 815-837)
336 _atext
_btxt
_2rdacontent
337 _aunmediated
_bn
_2rdamedia
338 _avolume
_bnc
_2rdacarrier
650 4 _aAccounting
_93360
999 _aE1755
_c1755
_d1755